<The> Quarterly journal of economics

Enregistré dans:
Détails bibliographiques
Format: Publication en série
Langue:anglais
Publié: Cambridge Harvard University Press 1970
Sujets:
Tags: Ajouter un tag
Pas de tags, Soyez le premier à ajouter un tag!

MARC

LEADER 00000nas2a2200000 4500
001 0017384
005 20250730114354.4
041 0 |a eng 
044 |a GB 
245 1 0 |a <The> Quarterly journal of economics 
264 1 |a Cambridge  |b Harvard University Press  |c 1970 
300 |a 1 zv. 
773 0 |w eu_un_cat*s121086 
610 2 0 |a veda ekonomická 
610 2 0 |a teórie ekonomické